000
00327nam a22001457a 4500
003
OSt
008
250417b |||||||| |||| 00| 0 eng d
020
_a
9781800816282
082
_a
158.1 GRD
100
_a
GREENE,Robert
245
_a
Daily Laws
260
_a
London
_b
Profiles Books
_c
2023
300
_a
453
942
_2
ddc
_c
REF
999
_c
13307
_d
13307